LEADER 00777naa a2200217 u 4500 001 000000093200 003 CaOOAMICUS 005 20070226130132.0 008 010621s1929 fr u000 u fre u 035 $a10893531 040 $aPUL(R)$bita 100 1 $aSéfériadès, Stelio,$d1873-$0(OLS)http://pul/name/60007 245 12$aL'exchange des populations /$cpar Stelio Séfériadès. 260 $a[S. l. :$bs. n.],$c1929. 300 $aP. [307-439] 504 $aBibliografia in nota. 650 4$aDiritto internazionale.$0(OLS)http://pul/subject/2505 773 0 $tRecueil des cours$gv.IV (1928) 773 0 $tRecueil des cours 1928$w()59478 996 $6245$aL'exchange des populations$9(OLS)http://pul/title/120075 996 $6260$a[S. l. :$bs. n.]$9(OLS)http://pul/publisher/47882 LEADER 01196nam a2200313 a 4500 001 000000168837 003 CaOOAMICUS 005 20180718085803.0 008 180718s2017 it u000 u ita r 020 $a978-88-921-0828-8* 032 $aLibriCat 040 $aPUL$bita 082 04$a341.481 100 1 $aMorviducci, Claudia.$0(OLS)http://pul/name/36806 245 12$aI diritti dei cittadini europei /$cClaudia Morviducci. 250 $a3. ed. 260 $aTorino :$bG. Giappichelli,$c©2017. 300 $aXIX, 380 p. ;$c24 cm. 500 $aInclude indice. 504 $aBibliografia p. [359]-380. 610 14$aUnione Europea$xCittadinanza.$0(OLS)http://pul/subject/37641 850 $aPUL 852 $aPUL$W1$xSL Diritto e Scienze Sociali 3$y79$m341. 481 MORCL 2$j192242$qDDC 21$B196780$CPULBib$Z2$F196780 $H131199 $81 941 1 $a9 996 $6020$a978-88-921-0828-8*$9(OLS)http://pul/number/164572 996 $6082$a341.481$9(OLS)http://pul/classification/2000 996 $6245$aI diritti dei cittadini europei$9(OLS)http://pul/title/157937 996 $6260$aTorino :$bG. Giappichelli$9(OLS)http://pul/publisher/49130 LEADER 01537nam a2200313 a 4500 001 000000176866 003 CaOOAMICUS 005 20240524114241.0 008 240524s2019 it u001 ubita r 020 $a978-88-7233-162-0* 032 $aLibriCat 040 $aPUL$bita 082 04$a327.17 100 1 $aZilio, Francesca ,$d1982-$0(OLS)http://pul/name/113678 245 10$aUnirsi e non restare spettatori immobili di ciò che accade nel mondo :$bMariano Rumor, l'integrazione europea e la distensione /$cFrancesca Zilio ; prefazione di Francesco Malgeri ; a cura di Benedetto Coccia. 260 $aRoma :$bAPES,$c2019. 300 $a175 p. ;$c21 cm 600 10$aRumor, Mariano,$d1915-$0(OLS)http://pul/subject/46814 610 14$aUnione europea$xAspetti culturali e sociali.$0(OLS)http://pul/subject/37108 700 1 $aCoccia, Benedetto.$0(OLS)http://pul/name/112733 700 1 $aMalgeri, Francesco,$d1934-$0(OLS)http://pul/name/5533 850 $aPUL 852 $aPUL$W1$xSL Diritto e Scienze Sociali 3$y79$m327. 17 ZILFR 1$j200868$qDDC 21$B205825$CPULBib$Z2$F205825 $H137044 $82 941 1 $a9 996 $6020$a978-88-7233-162-0*$9(OLS)http://pul/number/169739 996 $6082$a327.17$9(OLS)http://pul/classification/420 996 $6245$aUnirsi e non restare spettatori immobili di ciò che accade nel mondo :$bMariano Rumor, l'integrazione europea e la distensione$9(OLS)http://pul/title/218366 996 $6260$aRoma :$bAPES$9(OLS)http://pul/publisher/55191